Loading...
Chinayile samskarika viplavam /
| Hovedforfatter: | |
|---|---|
| Format: | Printed Book |
| Sprog: | Malayalam |
| Udgivet: |
Massline Publishing ,
1973.
|
| LEADER | 00483nam a2200145Ia 4500 | ||
|---|---|---|---|
| 008 | 150624b xxu||||| |||| 00| | mal d | ||
| 082 | |a 914.304 | ||
| 100 | |a Jovan Robinson | ||
| 245 | |c Jovan Robinson |a Chinayile samskarika viplavam / | ||
| 260 | |b Massline Publishing , |c 1973. | ||
| 300 | |a 254 p. | ||
| 546 | |a In Malayalam. | ||
| 942 | |c BK | ||
| 999 | |c 75323 |d 75323 | ||
| 952 | |0 1 |1 0 |4 0 |6 914_304000000000000_JOS_D |7 0 |9 75267 |a UL |b UL |c ST2 |d 1998-08-28 |l 0 |o 914.304 JOS/D |p 24855 |r 2012-10-27 |w 2012-10-27 |y BK | ||